[Event "Ufa Kopylov Memorial (Women)"]
[Site "Ufa"]
[Date "2008.12.20"]
[Round "5"]
[White "Idrisova, Roza"]
[Black "Karnaukhova, Elmira"]
[Result "1/2-1/2"]
[WhiteElo "2076"]
[BlackElo "2329"]
[PlyCount "26"]
[EventDate "2008.12.16"]
[EventType "tourn"]
[EventRounds "7"]
[EventCountry "RUS"]
[SourceTitle "EXT 2010"]
[Source "ChessBase"]
[SourceDate "2010.11.25"]
[SourceVersion "1"]
[SourceVersionDate "2010.11.25"]
[SourceQuality "1"]

1. d4 Nf6 2. Nf3 c5 3. c3 cxd4 4. cxd4 g6 5. g3 Bg7 6. Bg2 0-0 7. 0-0 h6 8. Nc3 d5 9. Bf4 Nc6 10. Ne5 Bf5 11. h3 g5 12. Nxc6 bxc6 13. Be5 Nd7 1/2-1/2

[Event "RUS-ch (Women) 56th"]
[Site "Orel"]
[Date "2006.07.03"]
[Round "5"]
[White "Ubiennykh, Ekaterina"]
[Black "Karnaukhova, Elmira"]
[Result "0-1"]
[WhiteElo "2282"]
[BlackElo "2340"]
[PlyCount "76"]
[EventDate "2006.06.28"]
[EventType "swiss"]
[EventRounds "9"]
[EventCountry "RUS"]
[SourceTitle "CBM 113 Extra"]
[Source "ChessBase"]
[SourceDate "2006.09.14"]
[SourceVersion "1"]
[SourceVersionDate "2006.09.14"]
[SourceQuality "1"]

1. e4 a6 2. c4 c5 3. Nf3 d6 4. d4 cxd4 5. Nxd4 Nf6 6. Nc3 b6 7. f4 e6 8. Qf3 Bb7 9. Be3 Nbd7 10. Bd3 Be7 11. g4 h5 12. g5 Ng4 13. Bd2 e5 14. Nf5 exf4 15. Qxf4 Nc5 16. Be2 Ne5 17. 0-0 Ne6 18. Qg3 g6 19. Nxe7 Qxe7 20. Rae1 0-0 21. Nd5 Bxd5 22. exd5 Nc5 23. Rf4 Qb7 24. Bc3 Rae8 25. b4 Ncd7 26. Bf1 b5 27. c5 Qxd5 28. Bg2 Qd3 29. Rd4 Nf3+ 30. Bxf3 Qxc3 31. Red1 Re3 32. Rxd6 Ne5 33. Rf6 Nxf3+ 34. Kh1 Ne5 35. Qf4 Ng4 36. Rfd6 Rf3 37. Rc1 Rxf4 38. Rxc3 Nf2+ 0-1